Catalogue spécial d'appareils pour la projection et la microphotographie. (Record no. 169514)

MARC details
000 -LEADER
campo de control de longitud fija 00672nam a22002055i 4500
001 - NÚMERO DE CONTROL
campo de control 169514
003 - IDENTIFICADOR DE NÚMERO DE CONTROL
campo de control ES-MaACL
005 - FECHA Y HORA DE LA ÚLTIMA TRANSACCIÓN
campo de control 20250728041422.0
008 - DATOS DE LONGITUD FIJA--INFORMACIÓN GENERAL
campo de control de longitud fija 081008s1900 gw |||| | fre d
080 ## - NÚMERO DE LA CLASIFICACIÓN DECIMAL UNIVERSAL
Número de la Clasificación Decimal Universal 681.7
245 00 - MENCIÓN DEL TÍTULO
Título Catalogue spécial d'appareils pour la projection et la microphotographie.
250 ## - MENCION DE EDICION
Mención de edición 4eme. ed.
260 ## - PUBLICACIÓN, DISTRIBUCIÓN, ETC.
Lugar de publicación, distribución, etc. Jena :
Nombre del editor, distribuidor, etc. [s.n.],
Fecha de publicación, distribución, etc. 1900 (
Fabricante Imp. Bernhard Vopelius)
300 ## - DESCRIPCIÓN FÍSICA
Extensión 50, [6] p. :
Otras características físicas il. ;
Dimensiones 27 cm.
594 ## - Nota al título y mención de responsabilidad
Nota al título y mención de responsabilidad Precede al tít.: Carl Zeiss, optische wekstaette.
650 #4 - PUNTO DE ACCESO ADICIONAL DE MATERIA--TÉRMINO DE MATERIA
Término de materia o nombre geográfico como elemento de entrada Fotografía-
Subdivisión general Material y equipo
9 (RLIN) 12958
700 1# - ENTRADA AGREGADA--NOMBRE PERSONAL
Nombre de persona Zeiss, Carl (
Fechas asociadas al nombre 1816-1888)
9 (RLIN) 174744
852 4# - LOCALIZACIÓN
Ubicación ES-MaACL
Número de control de estantería T-1103-F-18
Holdings
Estatus retirado Estado de pérdida Estado de daño No para préstamo Colección Biblioteca de origen Biblioteca actual Ubicación en estantería Fecha de adquisición Fuente de adquisición Total de préstamos Signatura topográfica completa Código de barras Visto por última vez Precio de reemplazo Tipo de ítem Koha
        Colección de folletos Biblioteca del Ateneo de Madrid Biblioteca del Ateneo de Madrid Depósito folletos 08/10/2008     T-1103-F-18 1177962 23/02/2023 23/02/2023 Folleto